| 000 | 00925cam a22002414a 4500 | ||
|---|---|---|---|
| 020 | _a0072931477 (text : alk. paper) | ||
| 020 | _a0072976861 (pkg., includes CDROM) | ||
| 020 | _a0071111638 (international ed. : alk. paper) | ||
| 050 | 0 | 0 |
_aHD58.7 _b.M42 2005 |
| 100 | 1 | _aMcShane, Steven Lattimore. | |
| 245 | 1 | 0 |
_aOrganizational behavior / _cSteven L. McShane, Mary Ann Von Glinow. |
| 250 | _a3rd ed. | ||
| 260 |
_aBoston : _bMcGraw-Hill Irwin, _cc2005. |
||
| 300 | _axxxii, 688 p. : | ||
| 500 | _aSubtitle on cover: Emerging realities for the workplace revolution. | ||
| 500 | _aIncludes indexes. | ||
| 650 | 0 | _bOrganizational behavior | |
| 700 | 1 | _aVon Glinow, Mary Ann Young, | |
| 856 | 4 | 2 | _uhttp://www.loc.gov/catdir/description/mh051/2003070638.html |
| 856 | 4 | 1 | _uhttp://www.loc.gov/catdir/toc/mh041/2003070638.html |
| 856 | 4 | 2 | _uhttp://www.loc.gov/catdir/enhancements/fy0737/2003070638-b.html |
| 942 | _cGEN | ||
| 999 |
_c3404 _d3404 |
||